| 000 | 00518nam a2200193Ia 4500 | ||
|---|---|---|---|
| 005 | 20260429111948.0 | ||
| 008 | 260429s9999||||xx |||||||||||||| ||und|| | ||
| 020 | _a9788184111460 | ||
| 041 | _aEnglish | ||
| 082 |
_a541.28 _bAHM |
||
| 100 | _aAhmad, Shehzad | ||
| 245 | 0 |
_aTextbook of quantum chemistry / _cShehzad Ahmad |
|
| 260 |
_aNew Delhi : _bSonali Publications, _c2025. |
||
| 300 | _ax, 293 p.; hb | ||
| 650 | _a Physical chemistry | ||
| 650 | _a Quantum chemistry | ||
| 650 | _aChemistry | ||
| 942 | _cTB | ||
| 999 |
_c51642 _d51642 |
||